| 000 | 01656 a2200265 4500 | ||
|---|---|---|---|
| 001 | 44905 | ||
| 005 | 20260407155724.0 | ||
| 008 | 260407a1990 arg spa d | ||
| 003 | AR-UNSa-BCEJYS | ||
| 040 |
_aAR-UNSa-BCEJYS _bspa _cAR-UNSa-BCEJYS |
||
| 080 |
_a304.4(82) _xAspectos generales de las políticas y prácticas sociales y culturales en Argentina (política social) |
||
| 245 | 1 | 0 |
_aMucho, poquito o nada _pcrisis y alternativas de polìtica social en los `90 |
| 020 | _a92-806-00-109 | ||
| 264 | 1 |
_aBuenos Aires : _bUNICEF _c1990 |
|
| 300 |
_a255 p. _c23 cm. |
||
| 505 | _a1. Ciudadanía o marginalidad: Política social argentina en los ´90 / Ernesto A. Isuani – 2. El tercer sector y el desarrollo social / Andrés Thompson – 3. L a protección al menor o el reino del revés / Cecilia Forteza y Carolina Cassous – 4. La atención a la salud infantil: Un espacio para el cambio / Hugo Mercer – 5. La escuela y equidad: Criterios de políticas / Emilio Tenti – 6. Restricciones y posibilidades de la política habitacional argentina / Susana Lumi – 7. El empleo urbano argentino de los ´80. Tendencias recientes y perspectivas / Rosalía Cortes – 8. Mucho, poquito o nada: Crisis y alternativas de política social en los ´90 / Eduardo S. Bustelo. | ||
| 041 | _aspa | ||
| 942 | _cBK | ||
| 590 | _aniveau_biblio:m niveau_hierar:0 | ||
| 100 | 1 | _aBustelo, Eduardo S. | |
| 700 | 1 | _aIsuani, Ernesto Aldo | |
| 700 | 1 | _aUNICEF | |
| 700 | 1 | _aCentro Interdisciplinario para el Estudio de Políticas Públicas (CIEPP) | |
| 856 | 4 | 1 |
_uhttps://www.biblioeco.unsa.edu.ar/pmb/images/libros/L127029.jpg _yImagen de portada _qimage/jpeg |
| 999 |
_c3846 _d3846 |
||